Statistics for Best Selling Car Models In The UK.

Click here to take the quiz!

General Stats

  • This quiz has been taken 75 times
  • The average score is 7 of 10

Answer Stats

Car manufacturerModel% Correct
FordFocus
91%
VolkswagenGolf
91%
FordFiesta
83%
VolkswagenPolo
80%
MiniCooper
79%
Vauxhall/OpalAstra
77%
AudiA3
74%
Vauxhall/OpalCorsa
73%
MercedesC-Class
49%
NissanQashqai
46%

Score Distribution

Percentile by Number Answered

Percent of People with Each Score

Your Score History

You have not taken this quiz